000 00571nam a22002297a 4500
003 UA-OsUOA
001 41461
007 ta
008 20080725b un ||||| |||| 00| 0 ukr d
100 _aФедорович М. (о.)
090 _a243
_bФ33
942 _cBR
040 _aUA-OsUOA
_bukr
_cUA-OsUOA
_dUA-OsUOA
245 _aНайстарша православна молитва
300 _a16 с.
955 _a2
041 _aukr
080 _a243
260 _bУПЦ в США
_c1972
650 7 _a2 Релігія. Теологія.
_2UDC
999 _c439961
_d439961